<?xml version="1.0" encoding="UTF-8"?>
<record
    xmlns:xsi="http://www.w3.org/2001/XMLSchema-instance"
    xsi:schemaLocation="http://www.loc.gov/MARC21/slim http://www.loc.gov/standards/marcxml/schema/MARC21slim.xsd"
    xmlns="http://www.loc.gov/MARC21/slim">

  <leader>00965nam a2200253 a 4500</leader>
  <controlfield tag="003">DO-SdBNP</controlfield>
  <controlfield tag="005">20211012140617.0</controlfield>
  <controlfield tag="007">ta</controlfield>
  <controlfield tag="008">211012e2019    dr ab||er|||| 00| 0 spa d</controlfield>
  <datafield tag="020" ind1=" " ind2=" ">
    <subfield code="a">9789945166194</subfield>
  </datafield>
  <datafield tag="040" ind1=" " ind2=" ">
    <subfield code="a">DO-SdBNP</subfield>
    <subfield code="b">spa</subfield>
    <subfield code="c">BNPHU</subfield>
  </datafield>
  <datafield tag="082" ind1=" " ind2="4">
    <subfield code="2">22</subfield>
    <subfield code="b">E775i</subfield>
  </datafield>
  <datafield tag="100" ind1="1" ind2=" ">
    <subfield code="a">Espinosa Nova, Francisco</subfield>
    <subfield code="9">80179</subfield>
  </datafield>
  <datafield tag="245" ind1="1" ind2="3">
    <subfield code="a">La inmigraci&#xF3;n irregular y las pol&#xED;ticas p&#xFA;blicas de seguridad: caso de Espa&#xF1;a y Rep&#xFA;blica Dominicana. /</subfield>
    <subfield code="b">Francisco Espinosa Navas, Rafael David S&#xE1;nchez G&#xF3;mez</subfield>
  </datafield>
  <datafield tag="260" ind1=" " ind2=" ">
    <subfield code="a">Santo Domingo :</subfield>
    <subfield code="b">FUNGLODE,</subfield>
    <subfield code="c">2019</subfield>
  </datafield>
  <datafield tag="300" ind1=" " ind2=" ">
    <subfield code="a">99 p. :</subfield>
    <subfield code="b">il., mapas ;</subfield>
    <subfield code="c">23 cm.</subfield>
  </datafield>
  <datafield tag="490" ind1=" " ind2=" ">
    <subfield code="a">Cuaderno del Cesede;</subfield>
    <subfield code="v">1</subfield>
  </datafield>
  <datafield tag="590" ind1=" " ind2=" ">
    <subfield code="a">Inventariado 2021 /MF</subfield>
  </datafield>
  <datafield tag="700" ind1="1" ind2=" ">
    <subfield code="a">S&#xE1;nchez G&#xF3;mez, Rafael David </subfield>
    <subfield code="9">80182</subfield>
  </datafield>
  <datafield tag="710" ind1="1" ind2=" ">
    <subfield code="a">Fundaci&#xF3;n Global de Desarrollo (Rep&#xFA;blica de Dominicana)</subfield>
    <subfield code="9">80180</subfield>
  </datafield>
  <datafield tag="830" ind1=" " ind2=" ">
    <subfield code="a">Cuaderno del Cesede;</subfield>
    <subfield code="l">spa</subfield>
    <subfield code="n">1</subfield>
    <subfield code="9">80181</subfield>
  </datafield>
  <datafield tag="830" ind1=" " ind2=" ">
    <subfield code="a">Fundaci&#xF3;n Global de Desarrollo (Rep&#xFA;blica de Dominicana)</subfield>
    <subfield code="9">70237</subfield>
  </datafield>
  <datafield tag="942" ind1=" " ind2=" ">
    <subfield code="2">ddc</subfield>
    <subfield code="c">LBS1</subfield>
  </datafield>
  <datafield tag="952" ind1=" " ind2=" ">
    <subfield code="0">0</subfield>
    <subfield code="1">0</subfield>
    <subfield code="2">ddc</subfield>
    <subfield code="5">1</subfield>
    <subfield code="7">0</subfield>
    <subfield code="8">PD</subfield>
    <subfield code="a">BNPHU</subfield>
    <subfield code="b">PD</subfield>
    <subfield code="c">HD</subfield>
    <subfield code="d">2018-11-19</subfield>
    <subfield code="e">Dep&#xF3;sito legal / Editorial Funglode</subfield>
    <subfield code="l">0</subfield>
    <subfield code="o">E775i</subfield>
    <subfield code="p">2021-27314</subfield>
    <subfield code="r">2021-10-12</subfield>
    <subfield code="w">2021-10-12</subfield>
    <subfield code="y">LFPD</subfield>
  </datafield>
  <datafield tag="952" ind1=" " ind2=" ">
    <subfield code="0">0</subfield>
    <subfield code="1">0</subfield>
    <subfield code="2">ddc</subfield>
    <subfield code="5">1</subfield>
    <subfield code="7">0</subfield>
    <subfield code="8">PD</subfield>
    <subfield code="a">BNPHU</subfield>
    <subfield code="b">PD</subfield>
    <subfield code="c">HD</subfield>
    <subfield code="d">2018-11-19</subfield>
    <subfield code="e">Dep&#xF3;sito legal / Editorial Funglode</subfield>
    <subfield code="l">0</subfield>
    <subfield code="o">E775i</subfield>
    <subfield code="p">2021-27319</subfield>
    <subfield code="r">2021-10-12</subfield>
    <subfield code="t">e.2</subfield>
    <subfield code="w">2021-10-12</subfield>
    <subfield code="y">LFPD</subfield>
  </datafield>
  <datafield tag="952" ind1=" " ind2=" ">
    <subfield code="0">0</subfield>
    <subfield code="1">0</subfield>
    <subfield code="2">ddc</subfield>
    <subfield code="5">6</subfield>
    <subfield code="7">0</subfield>
    <subfield code="8">DS</subfield>
    <subfield code="a">BNPHU</subfield>
    <subfield code="b">GR</subfield>
    <subfield code="c">HD</subfield>
    <subfield code="d">2018-10-19</subfield>
    <subfield code="e">Dep&#xF3;sito legal / Editorial Funglode</subfield>
    <subfield code="l">0</subfield>
    <subfield code="o">E775i</subfield>
    <subfield code="p">2021-27321</subfield>
    <subfield code="r">2021-10-12</subfield>
    <subfield code="t">e.3</subfield>
    <subfield code="w">2021-10-12</subfield>
    <subfield code="y">LFDS</subfield>
  </datafield>
  <datafield tag="999" ind1=" " ind2=" ">
    <subfield code="c">50736</subfield>
    <subfield code="d">50736</subfield>
  </datafield>
</record>
